00931nam a22002657a 4500003001400000005001700014008004100031020001800072040001800090090001800108100003800126245008600164264005000250300002600300336001500326337001500341338001500356650003400371650003600405650005900441942001500500949001100515952012200526999001700648MOSTI LIBRARY20260526105201.0260526b |||||||| |||| 00| 0 eng d a9789839445954 cMOSTI LIBRARY00a303.483b OMA10aOmar Abdul RahmancTan Srid1932-10aThe Essentials of Science, Technology and Innovation Policy / cOmar Abdul Rahman aKuala Lumpur : bAcademy of Sciences Malaysia avii, 69pages ; c24cm 0rdacontent 2rdacarrier 0rdacarrier10aScience and States zMalaysia20aTechnology and State zMalaysia20aTechnological InnovationsxGovernment PolicyzMalaysia 2ddccBKn0 0019245 00102ddc4070aMOSTIbMOSTIcOSd2026-05-26eSUMBANGANl0o303.483 OMAp019245r2026-05-26 10:52:21w2026-05-26yBK c30879d30879